Uma aventura nas férias da Páscoa (Registo nº 1033)

Detalhes MARC
000 -Etiqueta do registo
Cabeçalho 00832nam0a2200265 4500
005 - Identificador da versão
Campo de controlo 20240822165039.0
010 ## - Número internacional normalizado dos livros (ISBN)
Número (ISBN) 9789722100181
021 ## - Número do Depósito Legal
Código do país PT
Número 272 729/08
100 ## - Dados gerais de processamento
Dados gerais de processamento 20150916d2008 cd y0pory5003 ba
101 0# - Língua de publicação
Língua do texto, banda sonora, etc. Português
102 ## - Pais de publicação ou produção
País de publicação Portugal
200 1# - Titulo e menção de responsabilidade
Título próprio Uma aventura nas férias da Páscoa
Primeira menção de responsabilidade Ana Maria Magalhães
Outras menções de responsabilidade Isabel Alçada
-- il. Arlindo Fagundes
205 ## - Menção da edição
Menção da edição 11ª ed
210 ## - Publicação, Distribuição, etc. 
Lugar da edição, distribuição, etc. Lisboa
Nome do editor, distribuidor, etc. Caminho
Data da publicação, distribuição, etc. D.L. 2008
215 ## - Descrição física 
Indicação específica da natureza do documento e extensão da espécie 160 p.
Outras indicações físicas il
225 2# - Colecção 
Título próprio da colecção Uma aventura
Indicação de volume 19
314 ## - Notas relativas a responsabilidade intelectual 
Texto da nota Isabel Alçada é pseudónimo de Maria Isabel Girão de Melo Veiga Vilar
675 ## - Classificação Decimal Universal (CDU)
Notação 087.5
Edição BN
Língua da edição por
700 #1 - Nome de autor-pessoa física (responsabilidade principal)
Número de registo de entrada de autoridade 0002528
Palavra de ordem Magalhães
Outra parte do nome não tomada para palavra de ordem Ana Maria
Elementos de identificação ou distinção e outro
Datas 1946-
701 #1 - Nome de autor-pessoa física (co-responsabilidade principal)
Palavra de ordem Alçada
Outra parte do nome não tomada para palavra de ordem Isabel
Elementos de identificação ou distinção pseud.
-- e outro
Datas 1950-
Código de função Autor / Co-autor
702 #1 - Nome de autor-pessoa física (responsabilidade secundária)
Número de registo de entrada de autoridade 0001400
Palavra de ordem Fagundes
Outra parte do nome não tomada para palavra de ordem Arlindo
Código de função Ilustrador / Técnico de desenho computorizado
942 ## - Elementos de entrada adicionados (Koha)
Tipo de item no Koha Livro
966 ## - Identificação da Biblioteca
Sigla EB2,3ENM
Exemplares
Situação do levantamento Origin of item (home branch) (coded) Biblioteca de empréstimo Código de barras Cota Circulation type (not for loan) Tipo de documento Nota do exemplar Damaged status
  Biblioteca Escolar Eng. Nuno Mergulhão Biblioteca Escolar Eng. Nuno Mergulhão BENM1890 82LP-3 MAG   Livro Sem mensagem